[Event "Toulon op 5th"]
[Site "Toulon"]
[Date "1999.11.03"]
[Round "7"]
[White "Maes, Flovin"]
[Black "Bergez, Luc"]
[Result "1/2-1/2"]
[WhiteElo "2222"]
[BlackElo "2373"]
[PlyCount "106"]
[EventDate "1999.10.??"]
[EventType "swiss"]
[EventRounds "9"]
[EventCountry "FRA"]
[SourceTitle "CBM 073 Extra"]
[Source "ChessBase"]
[SourceDate "2000.01.11"]
[SourceVersion "1"]
[SourceVersionDate "2000.01.11"]
[SourceQuality "1"]

1. e4 c5 2. Nf3 d6 3. d4 cxd4 4. Nxd4 Nf6 5. Nc3 g6 6. Bc4 Bg7 7. Be3 Ng4 8. Bb5+ Kf8 9. 0-0 Nxe3 10. fxe3 e6 11. Bc4 Qe7 12. Qg4 Nc6 13. Nxe6+ Kg8 14. Rxf7 Kxf7 15. Nc7+ Kf8 16. Rf1+ Bf6 17. Qf4 Kg7 18. N3d5 Qe5 19. Nxf6 Qxf4 20. Rxf4 Rb8 21. Nce8+ Kh6 22. Ng8+ Rxg8 23. Bxg8 Bd7 24. Nf6 Ne5 25. Nxd7 Nxd7 26. Rf7 Nc5 27. Rxh7+ Kg5 28. Bd5 a5 29. Rg7 Kf6 30. Rg8 Rxg8 31. Bxg8 Nxe4 32. Kf1 g5 33. h3 Ke5 34. Ke2 Nc5 35. b3 b5 36. Bf7 b4 37. Bg6 Nd7 38. g3 Nf6 39. h4 gxh4 40. gxh4 Nd5 41. h5 Nc3+ 42. Kd3 Nxa2 43. h6 Kf6 44. h7 Kg7 45. Ke4 Nc3+ 46. Kf5 a4 47. bxa4 Nxa4 48. Ke6 b3 49. cxb3 Nc5+ 50. Kxd6 Nxb3 51. Ke5 Nd2 52. Kd4 Nf1 53. e4 Nd2 1/2-1/2